| 000 | 00489nam a2200169 i 4500 | ||
|---|---|---|---|
| 001 | 182278 | ||
| 003 | ES-MaACL | ||
| 005 | 20230906221554.0 | ||
| 008 | 130730s1985 mx | |||| ||spa d | ||
| 080 | _a821.134.2(83)-14"19" | ||
| 100 | 1 |
_aValjalo, David. _9112711 |
|
| 245 | 1 | 0 |
_aElegía al aniversario del universo / _cDavid Valjalo. |
| 250 | _a2ª ed. | ||
| 260 |
_aMéxico : _bLetras de Ayer y de Hoy, _c1985. |
||
| 300 |
_a27 p. : _bil. ; _c22 cm. |
||
| 852 |
_aES-MaACL _j2316-F-26 |
||
| 999 |
_c182278 _d182278 |
||